000 00914nam a2200241Ia 4500
003 OSt
005 20221005112821.0
006 a|||||r|||| 00| 0
007 ta
008 221004b |||||||| |||| 00| 0 pan d
020 _a8182990882 (hbk)
_c350
024 _a94631
037 _b72871, 31/12/2008, Arsee Publishers
_cTextual
040 _aCRL
_cCRL
_bpan
041 _2pan
_apan
082 _aO153,6NAR1:g, [P9]
100 _aਗੁਰਚਰਨ ਸਿੰਘ ਅਰੀl ਸੰਧੂ, ਗੁਰਪਾਲ ਸਿੰਘ, ਥਦ।
_9624418
245 0 _aਕਲਮ ਦੇ ਨਕ
260 _aਦਿੱਲੀ
_bਆਰਸੀ ਭਾਰਤ
_c2009
300 _a276ਪੰ
_ccm.
942 _hO153,6NAR1:g, [P9]
_cTEXL
_2cc
999 _c1026073
_d1026073